Henry James : (Record no. 16948)
[ view plain ]
| 000 -LEADER | |
|---|---|
| fixed length control field | 01011cam a22003011 4500 |
| 001 - CONTROL NUMBER | |
| control field | 16948 |
| 003 - CONTROL NUMBER IDENTIFIER | |
| rucl marc code | BD-RjUL |
| 005 - DATE AND TIME OF LATEST TRANSACTION | |
| control field | 20211209000053.0 |
| 008 - FIXED-LENGTH DATA ELEMENTS--GENERAL INFORMATION | |
| fixed length control field | 140215s1962 paua b 001 0 eng |
| 035 ## - SYSTEM CONTROL NUMBER | |
| System control number | (BD-RjUL)17004 |
| System control number | (OCoLC)852256 |
| 040 ## - CATALOGING SOURCE | |
| Original cataloging agency | DLC |
| Transcribing agency | OU |
| Modifying agency | OCoLC |
| -- | DLC |
| Language of cataloging | eng |
| 041 ## - LANGUAGE CODE | |
| Language code of text/sound track or separate title | eng |
| 082 ## - DEWEY DECIMAL CLASSIFICATION NUMBER | |
| Classification number | 813.4 |
| Author mark and year | EDH 1962 |
| 100 1# - MAIN ENTRY--PERSONAL NAME | |
| Personal name | Edel, Leon, |
| Dates associated with a name | 1907-1997. |
| 9 (RLIN) | 52299 |
| 245 10 - TITLE STATEMENT | |
| Title | Henry James : |
| Name of part/section of a work | The conquest of London, 1870-1883 / |
| Remainder of title | Leon Edel, |
| 250 ## - EDITION STATEMENT | |
| Edition statement | [1st ed.] |
| 260 ## - PUBLICATION, DISTRIBUTION, ETC. (IMPRINT) | |
| Place of publication, distribution, etc. | Philadelphia : |
| Name of publisher, distributor, etc. | Lippincott |
| Date of publication, distribution, etc. | [1962] |
| 300 ## - PHYSICAL DESCRIPTION | |
| Pagination | 465 p. : |
| Illustrations | illus. ; |
| Size | 22 cm. |
| 504 ## - BIBLIOGRAPHY, ETC. NOTE | |
| Bibliography, etc | Includes Index and bibliographical references. |
| 600 10 - SUBJECT ADDED ENTRY--PERSONAL NAME | |
| Personal name | James, Henry, |
| Dates associated with a name | 1843-1916 |
| General subdivision | Homes and haunts |
| Geographic subdivision | England |
| -- | London. |
| 650 #0 - SUBJECT ADDED ENTRY--TOPICAL TERM | |
| Topical term or geographic name as entry element | Authors, American |
| Chronological subdivision | 19th century |
| Form subdivision | Biography. |
| 9 (RLIN) | 52301 |
| Topical term or geographic name as entry element | Americans |
| Geographic subdivision | England |
| -- | London |
| Form subdivision | Biography. |
| 9 (RLIN) | 52302 |
| 651 #0 - SUBJECT ADDED ENTRY--GEOGRAPHIC NAME | |
| Geographic name | London (England) |
| General subdivision | Intellectual life |
| Chronological subdivision | 19th century. |
| 9 (RLIN) | 52303 |
| 942 ## - ADDED ENTRY ELEMENTS (KOHA) | |
| Source of classification or shelving scheme | Dewey Decimal Classification |
| Koha item type | Books |
| Lost status | Source of classification or shelving scheme | Damaged status | Not for loan | Collection code | Permanent Location | Current Location | Shelving location | Date acquired | Total Checkouts | Full call number | Date last seen | Copy number | Koha item type |
|---|---|---|---|---|---|---|---|---|---|---|---|---|---|
| Dewey Decimal Classification | Non-fiction | Central Library, University of Rajshahi | Central Library, University of Rajshahi | 15/02/2014 | 813.4 EDH 1962 | 15/02/2014 | C-2 | Books |